| 000 | 00724nam a2200217 a 4500 | ||
|---|---|---|---|
| 001 | 627 | ||
| 003 | CDMR | ||
| 005 | 20131129131116.0 | ||
| 008 | 130130s1976||||||||||||||||||||||||||||d | ||
| 020 | _a052129052X | ||
| 040 |
_aCDMR _bcat _cCDMR |
||
| 100 | 1 |
_aLeach, Edmund _9473 |
|
| 245 | 1 | 0 |
_aCulture and communication _b: the logic by which symbols are connected : an introduction to the use of structuralism analysis in social anthropology _cby Edmund Leach |
| 260 |
_aCambridge _c1976 _bCambridge University Press |
||
| 300 | _a105 p. | ||
| 490 | 0 | _aThemes in the Social Sciences | |
| 650 | 0 | 4 |
_93211 _aComunicació i cultura |
| 650 | 0 | 4 |
_94376 _aSímbols |
| 650 | 0 | 4 |
_94289 _aComunicació _xAspectes socials |
| 942 |
_cMON _2udc |
||
| 999 |
_c627 _d627 |
||